Analýza trhu civilnej osobnej leteckej dopravy medzi Slovenskou republikou a USA v podmienkach liberalizácie leteckej dopravy a globálnej krízy

Regulačný rámec severoatlantickej leteckej dopravy. Analýza strany ponuky na leteckom trhu medzi USA a SR. Analýza strany dopytu na leteckom trhu medzi USA a SR.

Salvato in:
Dettagli Bibliografici
Autore principale: Grančay, Martin, 1984-2024
Natura: Capitolo di libro
Lingua:slovacco
Soggetti:
Tags: Aggiungi Tag
Nessun Tag, puoi essere il primo ad aggiungerne!!

MARC

LEADER 00000naa a2200000 4500
001 0127881
005 20240502072446.2
041 0 |a slo 
044 |a SK 
245 1 0 |a Analýza trhu civilnej osobnej leteckej dopravy medzi Slovenskou republikou a USA v podmienkach liberalizácie leteckej dopravy a globálnej krízy  |c Martin Grančay 
520 |a Regulačný rámec severoatlantickej leteckej dopravy. Analýza strany ponuky na leteckom trhu medzi USA a SR. Analýza strany dopytu na leteckom trhu medzi USA a SR. 
610 2 0 |a doprava letecká 
610 2 0 |a Slovensko 
610 2 0 |a USA 
610 2 0 |a liberalizácia 
610 2 0 |a trh 
610 2 0 |a doprava letecká medzinárodná 
100 1 |a Grančay, Martin, 1984-2024